000 00449nam a2200193Ia 4500
005 20240823041022.0
008 240823s9999||||xx |||||||||||||| ||und||
020 _a978 81 250 4089 7
041 _aENGLISH
082 _A823.5 Q1
100 _aPramod K Nayar
245 0 _aGulliver s Travels
250 _a1st
260 _c2011
_bOrient Black
500 _aISSUED
650 _aGulliver's Travels
_bGeneral
942 _cBK
999 _c204494
_d204494